System-on-chip : next generation electronics /

Bibliographic Details
Corporate Author: Institution of Electrical Engineers
Other Authors: Al-Hashimi, Bashir
Format: Book
Language:English
Published: London : Institution of Electrical Engineers, [2006]
Series:IEE circuits, devices and systems series ; 18.
Subjects:

MARC

Tag First Indicator Second Indicator Subfields
LEADER 00000cam a2200000 a 4500
001 in00002176721
005 20151104055538.0
008 051122s2006 enka b 001 0 eng
015 |a GBA601738  |2 bnb 
016 7 |a 013348823  |2 Uk 
020 |a 0863415520 
024 3 |a 9780863415524 
035 |a (OCoLC)ocm62478455 
040 |a UKM  |c UKM  |d BAKER  |d TPN  |d TXA  |d UtOrBLW 
042 |a ukblsr 
049 |a TXAM 
082 0 4 |a 621.395  |2 22 
090 |a TK7874  |b .S97 2006 
245 0 0 |a System-on-chip :  |b next generation electronics /  |c edited by Bashir M. Al-Hashimi. 
264 1 |a London :  |b Institution of Electrical Engineers,  |c [2006] 
264 4 |c ©2006 
300 |a xxviii, 911 pages :  |b illustrations ;  |c 24 cm. 
336 |a text  |b txt  |2 rdacontent 
337 |a unmediated  |b n  |2 rdamedia 
338 |a volume  |b nc  |2 rdacarrier 
490 1 |a IEE circuits, devices and systems series ;  |v 18 
650 0 |a Systems on a chip. 
650 0 |a Embedded computer systems. 
650 0 |a Microelectronics. 
700 1 |a Al-Hashimi, Bashir. 
710 2 |a Institution of Electrical Engineers. 
830 0 |a IEE circuits, devices and systems series ;  |v 18. 
948 |a cataloged  |b h  |c 2006/6/28  |d c  |e jgreene  |f 12:41:09 pm 
994 |a C0  |b TXA 
999 |a MARS 
999 f f |s 1a73849d-d780-3946-83bc-3c4220908ec4  |i b73aff90-bd39-3992-9cfb-4cd67af89ebf  |t 0 
952 f f |p normal  |a Texas A&M University  |b College Station  |c Sterling C. Evans Library  |d Evans: Library Stacks  |t 0  |e TK7874 .S97 2006  |h Library of Congress classification  |i unmediated -- volume  |m A14834415454 
998 f f |a TK7874 .S97 2006  |t 0  |l Evans: Library Stacks